banner-ar

MRS DALLOWAY / (Record no. 5778)

MARC details
000 -الفاتح
حقل البيانات ثابتة الطول 00581nam a2200217Ia 4500
008 - عناصر البيانات ثابتة الطول - معلومات عامة
حقل البيانات ثابتة الطول 140319s9999 xx 000 0 eng d
020 ## - الرقم الدولى المعيارى للكتب
الرقم الدولى المعيارى للكتاب 1857151577
040 ## - مصدر الفهرسة
وكالة الفهرسة الأصلية GCL /
وكالة النسخ GCL
082 04 - رقم تصنيف ديوى العشرى
رقم التصنيف 813
رقم المادة W M
100 1# - المدخل الرئيسى - إسم شخصى
الإسم الشخصى WOOLF, VIRGINIA
245 10 - بيان العنوان
العنوان MRS DALLOWAY /
بيان المسئوليه,etc WOOLF, VIRGINIA
700 1# - المدخل الاضافى - اسم شخصى
الإسم الشخصى FUSINI, NADIA
260 ## - PUBLICATION, DISTRIBUTION, ETC. (IMPRINT)
تاريخ النشر أو التوزيع 1993
300 ## - الوصف المادى
التعداد 21 CM ؛
أبعاد الوعاء XXXII, 219 P
490 ## - بيان السلسلة
عنوان السلسلة THE MILLENNIUM LIBRARY
رقم المجلد/ التعيين التسلسلي 157
650 04 - المدخل الاضافى بالموضوع-مصطلح موضوعى
مصطلح موضوعي LITERATURE
650 04 - المدخل الاضافى بالموضوع-مصطلح موضوعى
مصطلح موضوعي AMERICAN FICTION
650 04 - المدخل الاضافى بالموضوع-مصطلح موضوعى
مصطلح موضوعي AMERICAN LITERATURE
942 ## - عناصر المدخل الإضافي( كوها)
مصدر التصنيف او مخطط الترفيف Dewey Decimal Classification
Koha [default] item type كتاب
260 ## - PUBLICATION, DISTRIBUTION, ETC. (IMPRINT)
-- انجلترا :
-- EVERYMAN'S LIBRARY ،
Holdings
حالة التراجع حالة الفقد حالة تلف ليس للاعارة المكان المؤقت الموقع الحالى تاريخ الاكتساب اجمالي اﻻعارات رقم الطلب الباركود تاريخ اخر مشاهدة تاريخ تفعيل السعر نوع وعاء كوها
        مكتبة القاهرة الكبرى مكتبة القاهرة الكبرى 03/26/2014   813\W M 12217 03/26/2014 03/26/2014 كتاب
        مكتبة القاهرة الكبرى مكتبة القاهرة الكبرى 03/26/2014   813\W M 12218 03/26/2014 03/26/2014 كتاب

Powered By

EGPV